000 00548nam a2200193Ia 4500
005 20250507130209.0
008 008 250505s9999 xx 000 0 eng d
037 _aSeries Article
040 _aEASL
_beng
_cEASL
041 _aeng
_2eng
084 _qEASL
100 _aJunfeng Ma
_9668758
245 4 _aThe marxist view of equity:Basic dimensions and methodological principles
260 _aChina
_bBeijing Routledge China
_c2012
300 _a23-37
650 _aSocial Science
942 _cSRA
999 _c1318264
_d1318264